The Hispanic outlook in higher education

Bibliographic Details
Format: Electronic Journal
Language:English
Published: Fairfield, N.J. : Casto Maldonado
Subjects:
Online Access:Full text available from Research Library: 07/31/1990 to present

MARC

LEADER 00000nas a2200000 a 4500
001 ssj0004275
003 WaSeSS
005 20200512172242.0
006 m d
007 cr n
008 050615c19909999njuer pss 0 a0eng c
010 |a  2012236722 
022 |a 2471-6448  |y 1054-2337 
035 |a (WaSeSS)ssj0004275 
040 |a OCLCS  |b eng  |c OCLCS  |d AZN  |d OCLCQ  |d NOC  |d OCLCQ  |d COO  |d OCLCO  |d OCLCF  |d DLC  |d OCLCQ  |d CUS  |d VT2  |d WaSeSS 
042 |a pcc  |a nsdp 
043 |a n-us--- 
050 4 |a LC2670.6  |b .H59 
082 1 4 |a 378  |2 12 
130 0 |a Hispanic outlook in higher education (Online) 
222 0 |a Hispanic outlook in higher education  |b (Online) 
245 1 4 |a The Hispanic outlook in higher education  |h [electronic resource]. 
246 3 0 |a Hispanic outlook 
260 |a Fairfield, N.J. :  |b Casto Maldonado 
310 |a Monthly,  |b <2016-> 
321 |a Biweekly,  |b <Apr. 18, 1997-<2015> 
321 |a Monthly,  |b <Nov. 1990-> 
362 1 |a Print began in 1990. 
500 |a Published: Paramus, NJ : The Hispanic Outlook in Higher Education Pub. Co., <July 1992-> 
506 |a License restrictions may limit access. 
538 |a Mode of access: World Wide Web. 
546 |a Search engine available in both English and Spanish. 
588 |a Description based on print version record. 
588 |a Latest issue consulted: Vol. 26, no. 6 (March 2016) (ISSUU website, viewed on March 30, 2016). 
650 0 |a Hispanic Americans  |x Education (Higher)  |v Periodicals. 
650 0 |a Hispanic American college students  |v Periodicals. 
650 7 |a Hispanic American college students.  |2 fast  |0 (OCoLC)fst00957369 
650 7 |a Hispanic Americans  |x Education (Higher)  |2 fast  |0 (OCoLC)fst00957551 
655 0 |a Electronic journals. 
776 0 8 |i Print version, -2013:  |t Hispanic outlook in higher education  |x 1054-2337  |w (DLC)sn 90005868  |w (OCoLC)22789380 
856 4 0 |z Full text available from Research Library: 07/31/1990 to present  |u https://search.proquest.com/publication/26660